| 000 | 00705nam a22001577a 4500 | ||
|---|---|---|---|
| 003 | OSt | ||
| 005 | 20151007101911.0 | ||
| 008 | 151007b xxu||||| |||| 00| 0 eng d | ||
| 040 | _cRUA | ||
| 082 | _aAVM SEA 2007 B078 Or.1 | ||
| 100 |
_92248 _aSEAB, MANH. |
||
| 245 | _aThe effectiveness of dried neemleaf powder on parasitic disease of cattle in brash sdach district, prey veng province (ប្រសិទ្ធភាពម្សៅស្លឺកស្ដៅលើការទំលាក់បរាសិតគោក្នុងស្រុកព្រះស្ដេចខេត្តព្រៃវែង) | ||
| 260 |
_aPhnom Penh _bRUA _c2007 |
||
| 300 |
_axii, 51p. _bill. _c29cm. |
||
| 942 |
_2ddc _cAVM |
||
| 999 |
_c2118 _d2118 |
||